000 00342nam a2200145Ia 4500
008 230711s9999||||xx |||||||||||||| ||und||
041 _aENG
082 _a5
_bIN-8
100 _aINTEL
245 0 _a8-Bit Embedded Controller Handbook
250 _a1st Ed.
260 _c1990
_aNew Delhi
_bINTEL
650 _aComputer Engineering
942 _cBK
999 _c1711
_d1711